<?xml version="1.0" encoding="UTF-8"?>
<record
    xmlns:xsi="http://www.w3.org/2001/XMLSchema-instance"
    xsi:schemaLocation="http://www.loc.gov/MARC21/slim http://www.loc.gov/standards/marcxml/schema/MARC21slim.xsd"
    xmlns="http://www.loc.gov/MARC21/slim">

  <leader>01046cam a2200301 a 4500</leader>
  <datafield tag="999" ind1=" " ind2=" ">
    <subfield code="c">529369</subfield>
    <subfield code="d">529369</subfield>
  </datafield>
  <controlfield tag="001">16072501</controlfield>
  <controlfield tag="005">20190924160145.0</controlfield>
  <controlfield tag="008">100128s2012    maua     b    001 0 eng  </controlfield>
  <datafield tag="010" ind1=" " ind2=" ">
    <subfield code="a">  2010001486</subfield>
  </datafield>
  <datafield tag="020" ind1=" " ind2=" ">
    <subfield code="a">9780321500465</subfield>
  </datafield>
  <datafield tag="020" ind1=" " ind2=" ">
    <subfield code="a">0321500466</subfield>
  </datafield>
  <datafield tag="035" ind1=" " ind2=" ">
    <subfield code="a">(OCoLC)ocn502674206</subfield>
  </datafield>
  <datafield tag="040" ind1=" " ind2=" ">
    <subfield code="a">DLC</subfield>
    <subfield code="c">DLC</subfield>
    <subfield code="d">YDX</subfield>
    <subfield code="d">YDXCP</subfield>
    <subfield code="d">BWX</subfield>
    <subfield code="d">CDX</subfield>
    <subfield code="d">DLC</subfield>
  </datafield>
  <datafield tag="050" ind1="0" ind2="0">
    <subfield code="a">QA273</subfield>
    <subfield code="b">.D35 2012</subfield>
  </datafield>
  <datafield tag="082" ind1="0" ind2="0">
    <subfield code="a">519.2</subfield>
    <subfield code="b">DEG</subfield>
  </datafield>
  <datafield tag="100" ind1="1" ind2=" ">
    <subfield code="a">DeGroot, Morris H.,</subfield>
    <subfield code="d">1931-1989.</subfield>
    <subfield code="9">13582</subfield>
  </datafield>
  <datafield tag="245" ind1="1" ind2="0">
    <subfield code="a">Probability and statistics /</subfield>
    <subfield code="c">Morris H. DeGroot, Mark J. Schervish.</subfield>
  </datafield>
  <datafield tag="250" ind1=" " ind2=" ">
    <subfield code="a">4th ed.</subfield>
  </datafield>
  <datafield tag="260" ind1=" " ind2=" ">
    <subfield code="a">Boston :</subfield>
    <subfield code="b">Addison-Wesley,</subfield>
    <subfield code="c">c2012.</subfield>
  </datafield>
  <datafield tag="300" ind1=" " ind2=" ">
    <subfield code="a">xiv, 893 p. :</subfield>
    <subfield code="b">ill. ;</subfield>
    <subfield code="c">27 cm.</subfield>
  </datafield>
  <datafield tag="504" ind1=" " ind2=" ">
    <subfield code="a">Includes bibliographical references and index.</subfield>
  </datafield>
  <datafield tag="650" ind1=" " ind2="0">
    <subfield code="a">Probabilities</subfield>
    <subfield code="v">Textbooks.</subfield>
    <subfield code="9">112</subfield>
  </datafield>
  <datafield tag="650" ind1=" " ind2="0">
    <subfield code="a">Mathematical statistics</subfield>
    <subfield code="v">Textbooks.</subfield>
    <subfield code="9">113</subfield>
  </datafield>
  <datafield tag="700" ind1="1" ind2=" ">
    <subfield code="a">Schervish, Mark J.</subfield>
    <subfield code="9">8621</subfield>
  </datafield>
  <datafield tag="906" ind1=" " ind2=" ">
    <subfield code="a">7</subfield>
    <subfield code="b">cbc</subfield>
    <subfield code="c">orignew</subfield>
    <subfield code="d">1</subfield>
    <subfield code="e">ecip</subfield>
    <subfield code="f">20</subfield>
    <subfield code="g">y-gencatlg</subfield>
  </datafield>
  <datafield tag="942" ind1=" " ind2=" ">
    <subfield code="2">ddc</subfield>
    <subfield code="c">BK</subfield>
  </datafield>
  <datafield tag="952" ind1=" " ind2=" ">
    <subfield code="0">0</subfield>
    <subfield code="1">0</subfield>
    <subfield code="2">ddc</subfield>
    <subfield code="4">0</subfield>
    <subfield code="7">0</subfield>
    <subfield code="a">NIT</subfield>
    <subfield code="b">NIT</subfield>
    <subfield code="d">2019-09-24</subfield>
    <subfield code="l">1</subfield>
    <subfield code="o">519.2 DEG</subfield>
    <subfield code="p">NIT-BB2805</subfield>
    <subfield code="r">2021-06-28</subfield>
    <subfield code="s">2020-02-12</subfield>
    <subfield code="w">2019-09-24</subfield>
    <subfield code="y">BK</subfield>
  </datafield>
  <datafield tag="952" ind1=" " ind2=" ">
    <subfield code="0">0</subfield>
    <subfield code="1">0</subfield>
    <subfield code="2">ddc</subfield>
    <subfield code="4">0</subfield>
    <subfield code="7">0</subfield>
    <subfield code="a">NIT</subfield>
    <subfield code="b">NIT</subfield>
    <subfield code="d">2019-09-24</subfield>
    <subfield code="l">0</subfield>
    <subfield code="o">519.2 DEG</subfield>
    <subfield code="p">NIT-BB2806</subfield>
    <subfield code="r">2019-09-24</subfield>
    <subfield code="w">2019-09-24</subfield>
    <subfield code="y">BK</subfield>
  </datafield>
  <datafield tag="952" ind1=" " ind2=" ">
    <subfield code="0">0</subfield>
    <subfield code="1">0</subfield>
    <subfield code="2">ddc</subfield>
    <subfield code="4">0</subfield>
    <subfield code="7">0</subfield>
    <subfield code="a">NIT</subfield>
    <subfield code="b">NIT</subfield>
    <subfield code="d">2019-09-24</subfield>
    <subfield code="l">0</subfield>
    <subfield code="o">519.2 DEG</subfield>
    <subfield code="p">NIT-BB2807</subfield>
    <subfield code="r">2019-09-24</subfield>
    <subfield code="w">2019-09-24</subfield>
    <subfield code="y">BK</subfield>
  </datafield>
  <datafield tag="952" ind1=" " ind2=" ">
    <subfield code="0">0</subfield>
    <subfield code="1">0</subfield>
    <subfield code="2">ddc</subfield>
    <subfield code="4">0</subfield>
    <subfield code="7">0</subfield>
    <subfield code="a">NIT</subfield>
    <subfield code="b">NIT</subfield>
    <subfield code="d">2019-09-24</subfield>
    <subfield code="l">0</subfield>
    <subfield code="o">519.2 DEG</subfield>
    <subfield code="p">NIT-BB2808</subfield>
    <subfield code="r">2019-09-24</subfield>
    <subfield code="w">2019-09-24</subfield>
    <subfield code="y">BK</subfield>
  </datafield>
  <datafield tag="952" ind1=" " ind2=" ">
    <subfield code="0">0</subfield>
    <subfield code="1">0</subfield>
    <subfield code="2">ddc</subfield>
    <subfield code="4">0</subfield>
    <subfield code="7">0</subfield>
    <subfield code="a">NIT</subfield>
    <subfield code="b">NIT</subfield>
    <subfield code="d">2019-09-24</subfield>
    <subfield code="l">1</subfield>
    <subfield code="o">519.2 DEG</subfield>
    <subfield code="p">NIT-BB2809</subfield>
    <subfield code="r">2022-06-10</subfield>
    <subfield code="s">2022-02-01</subfield>
    <subfield code="w">2019-09-24</subfield>
    <subfield code="y">BK</subfield>
  </datafield>
  <datafield tag="952" ind1=" " ind2=" ">
    <subfield code="0">0</subfield>
    <subfield code="1">0</subfield>
    <subfield code="2">ddc</subfield>
    <subfield code="4">0</subfield>
    <subfield code="7">0</subfield>
    <subfield code="a">NIT</subfield>
    <subfield code="b">NIT</subfield>
    <subfield code="d">2019-09-24</subfield>
    <subfield code="l">0</subfield>
    <subfield code="o">519.2 DEG</subfield>
    <subfield code="p">NIT-BB2810</subfield>
    <subfield code="r">2019-09-24</subfield>
    <subfield code="w">2019-09-24</subfield>
    <subfield code="y">BK</subfield>
  </datafield>
  <datafield tag="952" ind1=" " ind2=" ">
    <subfield code="0">0</subfield>
    <subfield code="1">0</subfield>
    <subfield code="2">ddc</subfield>
    <subfield code="4">0</subfield>
    <subfield code="7">0</subfield>
    <subfield code="a">NIT</subfield>
    <subfield code="b">NIT</subfield>
    <subfield code="d">2019-09-24</subfield>
    <subfield code="l">0</subfield>
    <subfield code="o">519.2 DEG</subfield>
    <subfield code="p">NIT-BB2811</subfield>
    <subfield code="r">2019-09-24</subfield>
    <subfield code="w">2019-09-24</subfield>
    <subfield code="y">BK</subfield>
  </datafield>
  <datafield tag="952" ind1=" " ind2=" ">
    <subfield code="0">0</subfield>
    <subfield code="1">0</subfield>
    <subfield code="2">ddc</subfield>
    <subfield code="4">0</subfield>
    <subfield code="7">0</subfield>
    <subfield code="a">NIT</subfield>
    <subfield code="b">NIT</subfield>
    <subfield code="d">2019-09-24</subfield>
    <subfield code="l">0</subfield>
    <subfield code="o">519.2 DEG</subfield>
    <subfield code="p">NIT-BB2812</subfield>
    <subfield code="r">2019-09-24</subfield>
    <subfield code="w">2019-09-24</subfield>
    <subfield code="y">BK</subfield>
  </datafield>
  <datafield tag="952" ind1=" " ind2=" ">
    <subfield code="0">0</subfield>
    <subfield code="1">0</subfield>
    <subfield code="2">ddc</subfield>
    <subfield code="4">0</subfield>
    <subfield code="7">0</subfield>
    <subfield code="a">NIT</subfield>
    <subfield code="b">NIT</subfield>
    <subfield code="d">2019-09-24</subfield>
    <subfield code="l">0</subfield>
    <subfield code="o">519.2 DEG</subfield>
    <subfield code="p">NIT-BB2813</subfield>
    <subfield code="r">2019-09-24</subfield>
    <subfield code="w">2019-09-24</subfield>
    <subfield code="y">BK</subfield>
  </datafield>
  <datafield tag="952" ind1=" " ind2=" ">
    <subfield code="0">0</subfield>
    <subfield code="1">0</subfield>
    <subfield code="2">ddc</subfield>
    <subfield code="4">0</subfield>
    <subfield code="7">0</subfield>
    <subfield code="a">NIT</subfield>
    <subfield code="b">NIT</subfield>
    <subfield code="d">2019-09-24</subfield>
    <subfield code="l">1</subfield>
    <subfield code="o">519.2 DEG</subfield>
    <subfield code="p">NIT-BB2814</subfield>
    <subfield code="r">2022-06-02</subfield>
    <subfield code="s">2022-02-04</subfield>
    <subfield code="w">2019-09-24</subfield>
    <subfield code="y">BK</subfield>
  </datafield>
  <datafield tag="952" ind1=" " ind2=" ">
    <subfield code="0">0</subfield>
    <subfield code="1">0</subfield>
    <subfield code="2">ddc</subfield>
    <subfield code="4">0</subfield>
    <subfield code="7">0</subfield>
    <subfield code="a">NIT</subfield>
    <subfield code="b">NIT</subfield>
    <subfield code="d">2019-09-24</subfield>
    <subfield code="l">0</subfield>
    <subfield code="o">519.2 DEG</subfield>
    <subfield code="p">NIT-BB2815</subfield>
    <subfield code="r">2019-09-24</subfield>
    <subfield code="w">2019-09-24</subfield>
    <subfield code="y">BK</subfield>
  </datafield>
  <datafield tag="952" ind1=" " ind2=" ">
    <subfield code="0">0</subfield>
    <subfield code="1">0</subfield>
    <subfield code="2">ddc</subfield>
    <subfield code="4">0</subfield>
    <subfield code="7">0</subfield>
    <subfield code="a">NIT</subfield>
    <subfield code="b">NIT</subfield>
    <subfield code="d">2019-09-24</subfield>
    <subfield code="l">0</subfield>
    <subfield code="o">519.2 DEG</subfield>
    <subfield code="p">NIT-BB2816</subfield>
    <subfield code="r">2019-09-24</subfield>
    <subfield code="w">2019-09-24</subfield>
    <subfield code="y">BK</subfield>
  </datafield>
  <datafield tag="952" ind1=" " ind2=" ">
    <subfield code="0">0</subfield>
    <subfield code="1">0</subfield>
    <subfield code="2">ddc</subfield>
    <subfield code="4">0</subfield>
    <subfield code="7">0</subfield>
    <subfield code="a">NIT</subfield>
    <subfield code="b">NIT</subfield>
    <subfield code="d">2019-09-24</subfield>
    <subfield code="l">0</subfield>
    <subfield code="o">519.2 DEG</subfield>
    <subfield code="p">NIT-BB2817</subfield>
    <subfield code="r">2019-09-24</subfield>
    <subfield code="w">2019-09-24</subfield>
    <subfield code="y">BK</subfield>
  </datafield>
  <datafield tag="952" ind1=" " ind2=" ">
    <subfield code="0">0</subfield>
    <subfield code="1">0</subfield>
    <subfield code="2">ddc</subfield>
    <subfield code="4">0</subfield>
    <subfield code="7">0</subfield>
    <subfield code="a">NIT</subfield>
    <subfield code="b">NIT</subfield>
    <subfield code="d">2019-09-24</subfield>
    <subfield code="l">0</subfield>
    <subfield code="o">519.2 DEG</subfield>
    <subfield code="p">NIT-BB2818</subfield>
    <subfield code="r">2019-09-24</subfield>
    <subfield code="w">2019-09-24</subfield>
    <subfield code="y">BK</subfield>
  </datafield>
  <datafield tag="952" ind1=" " ind2=" ">
    <subfield code="0">0</subfield>
    <subfield code="1">0</subfield>
    <subfield code="2">ddc</subfield>
    <subfield code="4">0</subfield>
    <subfield code="7">0</subfield>
    <subfield code="a">NIT</subfield>
    <subfield code="b">NIT</subfield>
    <subfield code="d">2019-09-24</subfield>
    <subfield code="l">0</subfield>
    <subfield code="o">519.2 DEG</subfield>
    <subfield code="p">NIT-BB2819</subfield>
    <subfield code="r">2019-09-24</subfield>
    <subfield code="w">2019-09-24</subfield>
    <subfield code="y">BK</subfield>
  </datafield>
  <datafield tag="952" ind1=" " ind2=" ">
    <subfield code="0">0</subfield>
    <subfield code="1">0</subfield>
    <subfield code="2">ddc</subfield>
    <subfield code="4">0</subfield>
    <subfield code="7">0</subfield>
    <subfield code="a">NIT</subfield>
    <subfield code="b">NIT</subfield>
    <subfield code="d">2019-09-24</subfield>
    <subfield code="l">0</subfield>
    <subfield code="o">519.2 DEG</subfield>
    <subfield code="p">NIT-BB2820</subfield>
    <subfield code="r">2019-09-24</subfield>
    <subfield code="w">2019-09-24</subfield>
    <subfield code="y">BK</subfield>
  </datafield>
  <datafield tag="952" ind1=" " ind2=" ">
    <subfield code="0">0</subfield>
    <subfield code="1">0</subfield>
    <subfield code="2">ddc</subfield>
    <subfield code="4">0</subfield>
    <subfield code="7">0</subfield>
    <subfield code="a">NIT</subfield>
    <subfield code="b">NIT</subfield>
    <subfield code="d">2019-09-24</subfield>
    <subfield code="l">0</subfield>
    <subfield code="o">519.2 DEG</subfield>
    <subfield code="p">NIT-BB2821</subfield>
    <subfield code="r">2019-09-24</subfield>
    <subfield code="w">2019-09-24</subfield>
    <subfield code="y">BK</subfield>
  </datafield>
  <datafield tag="952" ind1=" " ind2=" ">
    <subfield code="0">0</subfield>
    <subfield code="1">0</subfield>
    <subfield code="2">ddc</subfield>
    <subfield code="4">0</subfield>
    <subfield code="7">0</subfield>
    <subfield code="a">NIT</subfield>
    <subfield code="b">NIT</subfield>
    <subfield code="d">2019-09-24</subfield>
    <subfield code="l">0</subfield>
    <subfield code="o">519.2 DEG</subfield>
    <subfield code="p">NIT-BB2822</subfield>
    <subfield code="r">2019-09-24</subfield>
    <subfield code="w">2019-09-24</subfield>
    <subfield code="y">BK</subfield>
  </datafield>
  <datafield tag="952" ind1=" " ind2=" ">
    <subfield code="0">0</subfield>
    <subfield code="1">0</subfield>
    <subfield code="2">ddc</subfield>
    <subfield code="4">0</subfield>
    <subfield code="7">0</subfield>
    <subfield code="a">NIT</subfield>
    <subfield code="b">NIT</subfield>
    <subfield code="d">2019-09-24</subfield>
    <subfield code="l">1</subfield>
    <subfield code="o">519.2 DEG</subfield>
    <subfield code="p">NIT-BB2823</subfield>
    <subfield code="r">2023-06-27</subfield>
    <subfield code="s">2022-02-03</subfield>
    <subfield code="w">2019-09-24</subfield>
    <subfield code="y">BK</subfield>
  </datafield>
  <datafield tag="952" ind1=" " ind2=" ">
    <subfield code="0">0</subfield>
    <subfield code="1">0</subfield>
    <subfield code="2">ddc</subfield>
    <subfield code="4">0</subfield>
    <subfield code="7">0</subfield>
    <subfield code="a">NIT</subfield>
    <subfield code="b">NIT</subfield>
    <subfield code="d">2019-09-24</subfield>
    <subfield code="l">1</subfield>
    <subfield code="o">519.2 DEG</subfield>
    <subfield code="p">NIT-BB2824</subfield>
    <subfield code="r">2023-08-07</subfield>
    <subfield code="s">2022-02-01</subfield>
    <subfield code="w">2019-09-24</subfield>
    <subfield code="y">BK</subfield>
  </datafield>
  <datafield tag="952" ind1=" " ind2=" ">
    <subfield code="0">0</subfield>
    <subfield code="1">0</subfield>
    <subfield code="2">ddc</subfield>
    <subfield code="4">0</subfield>
    <subfield code="7">0</subfield>
    <subfield code="a">NIT</subfield>
    <subfield code="b">NIT</subfield>
    <subfield code="d">2019-09-24</subfield>
    <subfield code="l">1</subfield>
    <subfield code="m">3</subfield>
    <subfield code="o">519.2 DEG</subfield>
    <subfield code="p">NIT-BB2825</subfield>
    <subfield code="r">2022-10-14</subfield>
    <subfield code="s">2022-02-04</subfield>
    <subfield code="w">2019-09-24</subfield>
    <subfield code="y">BK</subfield>
  </datafield>
  <datafield tag="952" ind1=" " ind2=" ">
    <subfield code="0">0</subfield>
    <subfield code="1">0</subfield>
    <subfield code="2">ddc</subfield>
    <subfield code="4">0</subfield>
    <subfield code="7">0</subfield>
    <subfield code="a">NIT</subfield>
    <subfield code="b">NIT</subfield>
    <subfield code="d">2019-09-24</subfield>
    <subfield code="l">0</subfield>
    <subfield code="o">519.2 DEG</subfield>
    <subfield code="p">NIT-BB2826</subfield>
    <subfield code="r">2019-09-24</subfield>
    <subfield code="w">2019-09-24</subfield>
    <subfield code="y">BK</subfield>
  </datafield>
  <datafield tag="952" ind1=" " ind2=" ">
    <subfield code="0">0</subfield>
    <subfield code="1">0</subfield>
    <subfield code="2">ddc</subfield>
    <subfield code="4">0</subfield>
    <subfield code="7">0</subfield>
    <subfield code="a">NIT</subfield>
    <subfield code="b">NIT</subfield>
    <subfield code="d">2019-09-24</subfield>
    <subfield code="l">0</subfield>
    <subfield code="o">519.2 DEG</subfield>
    <subfield code="p">NIT-BB2827</subfield>
    <subfield code="r">2019-09-24</subfield>
    <subfield code="w">2019-09-24</subfield>
    <subfield code="y">BK</subfield>
  </datafield>
  <datafield tag="952" ind1=" " ind2=" ">
    <subfield code="0">0</subfield>
    <subfield code="1">0</subfield>
    <subfield code="2">ddc</subfield>
    <subfield code="4">0</subfield>
    <subfield code="7">0</subfield>
    <subfield code="a">NIT</subfield>
    <subfield code="b">NIT</subfield>
    <subfield code="d">2019-09-24</subfield>
    <subfield code="l">0</subfield>
    <subfield code="o">519.2 DEG</subfield>
    <subfield code="p">NIT-BB2828</subfield>
    <subfield code="r">2019-09-24</subfield>
    <subfield code="w">2019-09-24</subfield>
    <subfield code="y">BK</subfield>
  </datafield>
  <datafield tag="952" ind1=" " ind2=" ">
    <subfield code="0">0</subfield>
    <subfield code="1">0</subfield>
    <subfield code="2">ddc</subfield>
    <subfield code="4">0</subfield>
    <subfield code="7">0</subfield>
    <subfield code="a">NIT</subfield>
    <subfield code="b">NIT</subfield>
    <subfield code="d">2019-09-24</subfield>
    <subfield code="l">0</subfield>
    <subfield code="o">519.2 DEG</subfield>
    <subfield code="p">NIT-BB2829</subfield>
    <subfield code="r">2019-09-24</subfield>
    <subfield code="w">2019-09-24</subfield>
    <subfield code="y">BK</subfield>
  </datafield>
  <datafield tag="952" ind1=" " ind2=" ">
    <subfield code="0">0</subfield>
    <subfield code="1">0</subfield>
    <subfield code="2">ddc</subfield>
    <subfield code="4">0</subfield>
    <subfield code="7">0</subfield>
    <subfield code="a">NIT</subfield>
    <subfield code="b">NIT</subfield>
    <subfield code="d">2019-09-24</subfield>
    <subfield code="l">0</subfield>
    <subfield code="o">519.2 DEG</subfield>
    <subfield code="p">NIT-BB2830</subfield>
    <subfield code="r">2019-09-24</subfield>
    <subfield code="w">2019-09-24</subfield>
    <subfield code="y">BK</subfield>
  </datafield>
  <datafield tag="952" ind1=" " ind2=" ">
    <subfield code="0">0</subfield>
    <subfield code="1">0</subfield>
    <subfield code="2">ddc</subfield>
    <subfield code="4">0</subfield>
    <subfield code="7">0</subfield>
    <subfield code="a">NIT</subfield>
    <subfield code="b">NIT</subfield>
    <subfield code="d">2019-09-24</subfield>
    <subfield code="l">0</subfield>
    <subfield code="o">519.2 DEG</subfield>
    <subfield code="p">NIT-BB2831</subfield>
    <subfield code="r">2019-09-24</subfield>
    <subfield code="w">2019-09-24</subfield>
    <subfield code="y">BK</subfield>
  </datafield>
  <datafield tag="952" ind1=" " ind2=" ">
    <subfield code="0">0</subfield>
    <subfield code="1">0</subfield>
    <subfield code="2">ddc</subfield>
    <subfield code="4">0</subfield>
    <subfield code="7">0</subfield>
    <subfield code="a">NIT</subfield>
    <subfield code="b">NIT</subfield>
    <subfield code="d">2019-09-24</subfield>
    <subfield code="l">0</subfield>
    <subfield code="o">519.2 DEG</subfield>
    <subfield code="p">NIT-BB2832</subfield>
    <subfield code="r">2019-09-24</subfield>
    <subfield code="w">2019-09-24</subfield>
    <subfield code="y">BK</subfield>
  </datafield>
  <datafield tag="952" ind1=" " ind2=" ">
    <subfield code="0">0</subfield>
    <subfield code="1">0</subfield>
    <subfield code="2">ddc</subfield>
    <subfield code="4">0</subfield>
    <subfield code="7">0</subfield>
    <subfield code="a">NIT</subfield>
    <subfield code="b">NIT</subfield>
    <subfield code="d">2019-09-24</subfield>
    <subfield code="l">1</subfield>
    <subfield code="m">1</subfield>
    <subfield code="o">519.2 DEG</subfield>
    <subfield code="p">NIT-BB2833</subfield>
    <subfield code="r">2021-06-29</subfield>
    <subfield code="s">2021-03-01</subfield>
    <subfield code="w">2019-09-24</subfield>
    <subfield code="y">BK</subfield>
  </datafield>
  <datafield tag="952" ind1=" " ind2=" ">
    <subfield code="0">0</subfield>
    <subfield code="1">0</subfield>
    <subfield code="2">ddc</subfield>
    <subfield code="4">0</subfield>
    <subfield code="7">0</subfield>
    <subfield code="a">NIT</subfield>
    <subfield code="b">NIT</subfield>
    <subfield code="d">2019-09-24</subfield>
    <subfield code="l">0</subfield>
    <subfield code="o">519.2 DEG</subfield>
    <subfield code="p">NIT-BB2834</subfield>
    <subfield code="r">2019-09-24</subfield>
    <subfield code="w">2019-09-24</subfield>
    <subfield code="y">BK</subfield>
  </datafield>
  <datafield tag="952" ind1=" " ind2=" ">
    <subfield code="0">0</subfield>
    <subfield code="1">0</subfield>
    <subfield code="2">ddc</subfield>
    <subfield code="4">0</subfield>
    <subfield code="7">0</subfield>
    <subfield code="a">NIT</subfield>
    <subfield code="b">NIT</subfield>
    <subfield code="d">2019-09-24</subfield>
    <subfield code="l">0</subfield>
    <subfield code="o">519.2 DEG</subfield>
    <subfield code="p">NIT-BB2835</subfield>
    <subfield code="r">2019-09-24</subfield>
    <subfield code="w">2019-09-24</subfield>
    <subfield code="y">BK</subfield>
  </datafield>
  <datafield tag="952" ind1=" " ind2=" ">
    <subfield code="0">0</subfield>
    <subfield code="1">0</subfield>
    <subfield code="2">ddc</subfield>
    <subfield code="4">0</subfield>
    <subfield code="7">0</subfield>
    <subfield code="a">NIT</subfield>
    <subfield code="b">NIT</subfield>
    <subfield code="d">2019-09-24</subfield>
    <subfield code="l">0</subfield>
    <subfield code="o">519.2 DEG</subfield>
    <subfield code="p">NIT-BB2836</subfield>
    <subfield code="r">2019-09-24</subfield>
    <subfield code="w">2019-09-24</subfield>
    <subfield code="y">BK</subfield>
  </datafield>
  <datafield tag="952" ind1=" " ind2=" ">
    <subfield code="0">0</subfield>
    <subfield code="1">0</subfield>
    <subfield code="2">ddc</subfield>
    <subfield code="4">0</subfield>
    <subfield code="7">0</subfield>
    <subfield code="a">NIT</subfield>
    <subfield code="b">NIT</subfield>
    <subfield code="d">2019-09-24</subfield>
    <subfield code="l">0</subfield>
    <subfield code="o">519.2 DEG</subfield>
    <subfield code="p">NIT-BB2837</subfield>
    <subfield code="r">2019-09-24</subfield>
    <subfield code="w">2019-09-24</subfield>
    <subfield code="y">BK</subfield>
  </datafield>
  <datafield tag="952" ind1=" " ind2=" ">
    <subfield code="0">0</subfield>
    <subfield code="1">0</subfield>
    <subfield code="2">ddc</subfield>
    <subfield code="4">0</subfield>
    <subfield code="7">0</subfield>
    <subfield code="a">NIT</subfield>
    <subfield code="b">NIT</subfield>
    <subfield code="d">2019-09-24</subfield>
    <subfield code="l">0</subfield>
    <subfield code="o">519.2 DEG</subfield>
    <subfield code="p">NIT-BB2838</subfield>
    <subfield code="r">2019-09-24</subfield>
    <subfield code="w">2019-09-24</subfield>
    <subfield code="y">BK</subfield>
  </datafield>
  <datafield tag="952" ind1=" " ind2=" ">
    <subfield code="0">0</subfield>
    <subfield code="1">0</subfield>
    <subfield code="2">ddc</subfield>
    <subfield code="4">0</subfield>
    <subfield code="7">0</subfield>
    <subfield code="a">NIT</subfield>
    <subfield code="b">NIT</subfield>
    <subfield code="d">2019-09-24</subfield>
    <subfield code="l">0</subfield>
    <subfield code="o">519.2 DEG</subfield>
    <subfield code="p">NIT-BB2839</subfield>
    <subfield code="r">2019-09-24</subfield>
    <subfield code="w">2019-09-24</subfield>
    <subfield code="y">BK</subfield>
  </datafield>
  <datafield tag="952" ind1=" " ind2=" ">
    <subfield code="0">0</subfield>
    <subfield code="1">0</subfield>
    <subfield code="2">ddc</subfield>
    <subfield code="4">0</subfield>
    <subfield code="7">0</subfield>
    <subfield code="a">NIT</subfield>
    <subfield code="b">NIT</subfield>
    <subfield code="d">2019-09-24</subfield>
    <subfield code="l">0</subfield>
    <subfield code="o">519.2 DEG</subfield>
    <subfield code="p">NIT-BB2840</subfield>
    <subfield code="r">2019-09-24</subfield>
    <subfield code="w">2019-09-24</subfield>
    <subfield code="y">BK</subfield>
  </datafield>
  <datafield tag="952" ind1=" " ind2=" ">
    <subfield code="0">0</subfield>
    <subfield code="1">0</subfield>
    <subfield code="2">ddc</subfield>
    <subfield code="4">0</subfield>
    <subfield code="7">0</subfield>
    <subfield code="a">NIT</subfield>
    <subfield code="b">NIT</subfield>
    <subfield code="d">2019-09-24</subfield>
    <subfield code="l">0</subfield>
    <subfield code="o">519.2 DEG</subfield>
    <subfield code="p">NIT-BB2841</subfield>
    <subfield code="r">2019-09-24</subfield>
    <subfield code="w">2019-09-24</subfield>
    <subfield code="y">BK</subfield>
  </datafield>
  <datafield tag="952" ind1=" " ind2=" ">
    <subfield code="0">0</subfield>
    <subfield code="1">0</subfield>
    <subfield code="2">ddc</subfield>
    <subfield code="4">0</subfield>
    <subfield code="7">0</subfield>
    <subfield code="a">NIT</subfield>
    <subfield code="b">NIT</subfield>
    <subfield code="d">2019-09-24</subfield>
    <subfield code="l">1</subfield>
    <subfield code="o">519.2 DEG</subfield>
    <subfield code="p">NIT-BB2842</subfield>
    <subfield code="r">2022-06-10</subfield>
    <subfield code="s">2022-02-04</subfield>
    <subfield code="w">2019-09-24</subfield>
    <subfield code="y">BK</subfield>
  </datafield>
  <datafield tag="952" ind1=" " ind2=" ">
    <subfield code="0">0</subfield>
    <subfield code="1">0</subfield>
    <subfield code="2">ddc</subfield>
    <subfield code="4">0</subfield>
    <subfield code="7">0</subfield>
    <subfield code="a">NIT</subfield>
    <subfield code="b">NIT</subfield>
    <subfield code="d">2019-09-24</subfield>
    <subfield code="l">1</subfield>
    <subfield code="o">519.2 DEG</subfield>
    <subfield code="p">NIT-BB2843</subfield>
    <subfield code="r">2020-01-03</subfield>
    <subfield code="s">2019-09-30</subfield>
    <subfield code="w">2019-09-24</subfield>
    <subfield code="y">BK</subfield>
  </datafield>
  <datafield tag="952" ind1=" " ind2=" ">
    <subfield code="0">0</subfield>
    <subfield code="1">0</subfield>
    <subfield code="2">ddc</subfield>
    <subfield code="4">0</subfield>
    <subfield code="7">0</subfield>
    <subfield code="a">NIT</subfield>
    <subfield code="b">NIT</subfield>
    <subfield code="d">2019-09-24</subfield>
    <subfield code="l">0</subfield>
    <subfield code="o">519.2 DEG</subfield>
    <subfield code="p">NIT-BB2844</subfield>
    <subfield code="r">2019-09-24</subfield>
    <subfield code="w">2019-09-24</subfield>
    <subfield code="y">BK</subfield>
  </datafield>
</record>
